[Event "Stare Mesto Slavia Kromeriz op 2nd"]
[Site "Stare Mesto"]
[Date "2024.03.31"]
[Round "6"]
[White "Neuman, Petr"]
[Black "Hanl, Frantisek"]
[Result "1-0"]
[WhiteElo "2399"]
[BlackElo "2074"]
[PlyCount "59"]
[EventDate "2024.03.28"]
[EventType "swiss"]
[EventRounds "7"]
[EventCountry "CZE"]
[SourceTitle "CB14_2024"]
[SourceDate "2024.04.01"]
[SourceVersion "1"]
[SourceVersionDate "2024.04.01"]
[SourceQuality "1"]

1. Nf3 Nf6 2. c4 c5 3. g3 g6 4. Bg2 Bg7 5. d4 cxd4 6. Nxd4 Nc6 7. 0-0 0-0 8. Nc3 Na5 9. b3 d6 10. Bb2 Bd7 11. Qd2 Rc8 12. Rad1 Qb6 13. Ba1 Rfd8 14. h3 a6 15. e4 e6 16. Kh2 Rc5 17. Nc2 Rh5 18. Ne3 e5 19. Ncd5 Nxd5 20. Nxd5 Qc5 21. b4 Qxc4 22. Rc1 Nb3 23. axb3 Qxb3 24. Qc2 Qxc2 25. Rxc2 g5 26. f3 Kf8 27. Rc7 Bc6 28. Bc3 f5 29. Ne7 Bb5 30. Nxf5 1-0

[Event "Stare Mesto Slavia Kromeriz op 2nd"]
[Site "Stare Mesto"]
[Date "2024.03.29"]
[Round "3"]
[White "Babula, Vlastimil1"]
[Black "Hanl, Frantisek"]
[Result "1-0"]
[WhiteElo "2363"]
[BlackElo "2074"]
[PlyCount "48"]
[EventDate "2024.03.28"]
[EventType "swiss"]
[EventRounds "7"]
[EventCountry "CZE"]
[SourceTitle "CB14_2024"]
[SourceDate "2024.04.01"]
[SourceVersion "1"]
[SourceVersionDate "2024.04.01"]
[SourceQuality "1"]

1. e4 c6 2. d4 d5 3. e5 Bf5 4. h4 h5 5. Bg5 Qb6 6. Bd3 Qxd4 7. Nf3 Qg4 8. Bxf5 Qxf5 9. 0-0 Nd7 10. Re1 e6 11. Nd4 Qg6 12. c4 Ne7 13. Nc3 a6 14. cxd5 Nxd5 15. Nxd5 cxd5 16. Qa4 Bc5 17. Rad1 Ra7 18. Nb3 b5 19. Qa5 Bb6 20. Qb4 f6 21. exf6 Qf7 22. Qd6 e5 23. fxg7 Qxg7 24. Rxd5 Rf8 1-0

[Event "Mid Bohemia Region-chT 2223"]
[Site "Czech Republic"]
[Date "2023.01.15"]
[Round "6.2"]
[White "Hanl, Frantisek"]
[Black "Horak, Martin"]
[Result "0-1"]
[WhiteElo "2137"]
[BlackElo "2139"]
[PlyCount "58"]
[EventDate "2022.10.09"]
[EventType "team-tourn"]
[EventRounds "11"]
[EventCountry "CZE"]
[SourceTitle "EXT 2024"]
[Source "ChessBase"]
[SourceDate "2023.10.10"]
[SourceVersion "1"]
[SourceVersionDate "2023.10.10"]
[SourceQuality "1"]
[WhiteTeam "Kralupy nad Vltavou"]
[BlackTeam "Cesky Brod"]
[WhiteTeamCountry "CZE"]
[BlackTeamCountry "CZE"]

1. e4 e6 2. d4 d5 3. exd5 exd5 4. Bd3 Nc6 5. c3 Bd6 6. Ne2 Nge7 7. 0-0 Bg4 8. f3 Bh5 9. Bf4 Bg6 10. Re1 Qd7 11. Bxd6 Qxd6 12. Na3 0-0-0 13. Nb5 Qf6 14. b4 h5 15. Nc1 h4 16. Nb3 Bxd3 17. Qxd3 Ng6 18. Nc5 Nf4 19. Qf1 Qg6 20. a4 Rh5 21. Ra2 Rg5 22. a5 Rh8 23. Nxc7 Kxc7 24. Qb5 Rxg2+ 25. Kh1 Rb8 26. Qa4 Re8 27. Rf1 Rxa2 28. Qxa2 Re2 29. Qa4 Qg2# 0-1

[Event "CZE-chT2A 1819"]
[Site "Czech Republic"]
[Date "2019.01.27"]
[Round "7.1"]
[White "Mejzlik, Ondrej"]
[Black "Hanl, Frantisek"]
[Result "1/2-1/2"]
[WhiteElo "2299"]
[BlackElo "2152"]
[PlyCount "68"]
[EventDate "2018.10.14"]
[EventType "team-tourn"]
[EventRounds "11"]
[EventCountry "CZE"]
[SourceTitle "EXT 2022"]
[Source "ChessBase"]
[SourceDate "2021.10.06"]
[SourceVersion "1"]
[SourceVersionDate "2021.10.06"]
[SourceQuality "1"]
[WhiteTeam "Vlasim"]
[BlackTeam "Ricany II"]
[WhiteTeamCountry "CZE"]
[BlackTeamCountry "CZE"]

1. c4 e5 2. Nc3 Nc6 3. g3 d6 4. Bg2 g6 5. d3 Bg7 6. h4 Nf6 7. Nd5 Nd4 8. b4 c6 9. Nxf6+ Bxf6 10. e3 Ne6 11. Rb1 d5 12. b5 0-0 13. bxc6 bxc6 14. Ne2 dxc4 15. Bxc6 Ba6 16. dxc4 Qxd1+ 17. Kxd1 Rfd8+ 18. Bd2 Rac8 19. Bd5 Bxc4 20. Bxc4 Rxc4 21. Rc1 Rxc1+ 22. Nxc1 Nc5 23. Nb3 Nxb3 24. axb3 e4 25. Ke2 Rc8 26. Rb1 Rc2 27. Kd1 Ra2 28. b4 a6 29. Rc1 Be5 30. Rc5 f6 31. h5 Kf7 32. Rc4 Ra1+ 33. Ke2 Ra2 34. Kd1 Ra1+ 1/2-1/2

[Event "Pobeskydy op"]
[Site "Frydek Mistek"]
[Date "2018.04.01"]
[Round "7"]
[White "Hanl, Frantisek"]
[Black "Federic, Jozef"]
[Result "1/2-1/2"]
[WhiteElo "2110"]
[BlackElo "2220"]
[PlyCount "36"]
[EventDate "2018.03.29"]
[EventType "swiss"]
[EventRounds "9"]
[EventCountry "CZE"]
[SourceTitle "CBM 183 Extra"]
[Source "ChessBase"]
[SourceDate "2018.04.19"]
[SourceVersion "1"]
[SourceVersionDate "2018.04.19"]
[SourceQuality "1"]

1. e4 c5 2. Nf3 e6 3. d4 cxd4 4. Nxd4 Nc6 5. Be3 Nf6 6. Bd3 e5 7. Nb5 a6 8. N5c3 d5 9. exd5 Nxd5 10. Nxd5 Qxd5 11. 0-0 Be7 12. Nc3 Qa5 13. Qh5 Be6 14. a3 g6 15. Qh6 Bf8 16. Qh4 Be7 17. Qh6 Bf8 18. Qh4 Be7 1/2-1/2

[Event "CZE-chT2C 1617"]
[Site "Czech Republic"]
[Date "2017.02.26"]
[Round "9.3"]
[White "Hanl, Frantisek"]
[Black "Hora, Milan"]
[Result "1/2-1/2"]
[WhiteElo "2110"]
[BlackElo "2144"]
[PlyCount "44"]
[EventDate "2016.10.09"]
[EventType "team-tourn"]
[EventRounds "11"]
[EventCountry "CZE"]
[SourceTitle "EXT 2022"]
[Source "ChessBase"]
[SourceDate "2021.10.06"]
[SourceVersion "1"]
[SourceVersionDate "2021.10.06"]
[SourceQuality "1"]
[WhiteTeam "Ricany"]
[BlackTeam "Kolin"]
[WhiteTeamCountry "CZE"]
[BlackTeamCountry "CZE"]

1. e4 c5 2. Nf3 e6 3. d4 cxd4 4. Nxd4 Nf6 5. Nc3 d6 6. Be2 Be7 7. 0-0 0-0 8. Kh1 a6 9. f4 Qc7 10. a4 Nc6 11. Be3 Re8 12. Qe1 Bd7 13. Qg3 g6 14. f5 Nxd4 15. Bxd4 e5 16. fxg6 fxg6 17. Rxf6 exd4 18. Nd5 Qxc2 19. Bd3 Qxb2 20. Rb1 Qd2 21. Rxg6+ Kh8 22. Nxe7 Rxe7 1/2-1/2

[Event "CZE-chT2C 1617"]
[Site "Czech Republic"]
[Date "2016.10.30"]
[Round "2.3"]
[White "Istona, Martin"]
[Black "Hanl, Frantisek"]
[Result "1-0"]
[WhiteElo "2253"]
[BlackElo "2110"]
[PlyCount "91"]
[EventDate "2016.10.09"]
[EventType "team-tourn"]
[EventRounds "11"]
[EventCountry "CZE"]
[SourceTitle "EXT 2022"]
[Source "ChessBase"]
[SourceDate "2021.10.06"]
[SourceVersion "1"]
[SourceVersionDate "2021.10.06"]
[SourceQuality "1"]
[WhiteTeam "Praha Vrsovice"]
[BlackTeam "Ricany"]
[WhiteTeamCountry "CZE"]
[BlackTeamCountry "CZE"]

1. e4 c6 2. d4 d5 3. e5 Bf5 4. Nf3 e6 5. Be2 Nd7 6. 0-0 Ne7 7. Nbd2 c5 8. Nh4 cxd4 9. Nxf5 Nxf5 10. Nf3 Bc5 11. Bd3 Nh4 12. Nxh4 Qxh4 13. Qe2 Bb6 14. Bd2 a6 15. b4 Rc8 16. f4 g6 17. Kh1 h5 18. a4 0-0 19. Rf3 Kg7 20. Rg3 Bd8 21. f5 exf5 22. Bxf5 d3 23. cxd3 Rc7 24. Rf1 Re8 25. e6 Nf6 26. Qf2 Ng4 27. Bxg4 hxg4 28. exf7 Rf8 29. Qd4+ Bf6 30. Qxg4 Qxg4 31. Rxg4 Rfxf7 32. Rgf4 Bd4 33. Rxf7+ Rxf7 34. Rxf7+ Kxf7 35. g4 b5 36. axb5 axb5 37. Kg2 Ke6 38. Kf3 Be5 39. h4 Bd6 40. h5 gxh5 41. gxh5 Kf5 42. h6 Be5 43. h7 Bd4 44. Be3 Bf6 45. Bc5 Be5 46. Ke3 1-0

[Event "CZE-chT2C 1617"]
[Site "Czech Republic"]
[Date "2016.10.09"]
[Round "1.4"]
[White "Hanl, Frantisek"]
[Black "Ruzicka, Ales"]
[Result "0-1"]
[WhiteElo "2110"]
[BlackElo "2101"]
[PlyCount "90"]
[EventDate "2016.10.09"]
[EventType "team-tourn"]
[EventRounds "11"]
[EventCountry "CZE"]
[SourceTitle "EXT 2022"]
[Source "ChessBase"]
[SourceDate "2021.10.06"]
[SourceVersion "1"]
[SourceVersionDate "2021.10.06"]
[SourceQuality "1"]
[WhiteTeam "Ricany"]
[BlackTeam "Tabor"]
[WhiteTeamCountry "CZE"]
[BlackTeamCountry "CZE"]

1. e4 c5 2. Nf3 d6 3. d4 cxd4 4. Nxd4 Nf6 5. Nc3 a6 6. Be2 e5 7. Nb3 Be7 8. 0-0 Be6 9. f4 Qc7 10. fxe5 dxe5 11. Nd5 Bxd5 12. exd5 0-0 13. c4 b5 14. cxb5 axb5 15. Be3 Rd8 16. Rxf6 Bxf6 17. Bxb5 e4 18. Qd2 Be5 19. h3 Qb7 20. Bc4 Nd7 21. Qf2 Rdc8 22. Qe2 Nb6 23. Bxb6 Qxb6+ 24. Kh1 e3 25. Rf1 Rc7 26. Qh5 Qd6 27. Bd3 g6 28. Qf3 Rxa2 29. Qxe3 Rxb2 30. Nd2 Qxd5 31. Nf3 f6 32. Be4 Qc5 33. Qd3 Qd6 34. Nxe5 Qxe5 35. Qd8+ Kg7 36. Bd5 Qe7 37. Qg8+ Kh6 38. Bf3 Rbc2 39. Qd5 Kg7 40. Qd1 Qc5 41. Qd8 Rc1 42. Bd1 Qe7 43. Qd2 Ra1 44. Re1 Qd7 45. Qe2 Rcc1 0-1

[Event "Ricany op"]
[Site "Ricany"]
[Date "2016.09.02"]
[Round "8"]
[White "Hanl, Frantisek"]
[Black "Hrdina, Robin"]
[Result "1/2-1/2"]
[WhiteElo "2116"]
[BlackElo "2120"]
[PlyCount "71"]
[EventDate "2016.08.27"]
[EventType "swiss"]
[EventRounds "9"]
[EventCountry "CZE"]
[SourceTitle "CBM 174 Extra"]
[Source "ChessBase"]
[SourceDate "2016.10.10"]
[SourceVersion "1"]
[SourceVersionDate "2016.10.10"]
[SourceQuality "1"]

1. e4 c5 2. Nf3 e6 3. d4 cxd4 4. Nxd4 a6 5. Nc3 Qc7 6. Be2 Nf6 7. 0-0 Be7 8. f4 d6 9. Kh1 Nbd7 10. Qe1 0-0 11. Qg3 Rd8 12. f5 e5 13. Bh6 Bf8 14. Ne6 fxe6 15. fxe6 Nc5 16. Rxf6 Bxe6 17. Rff1 Kh8 18. Be3 b5 19. a3 Rab8 20. Bg4 Bg8 21. Qh3 g6 22. Bg5 Re8 23. Rf6 Qg7 24. Rf2 Qb7 25. b4 Ne6 26. Bf6+ Bg7 27. Nd5 Nf4 28. Nxf4 exf4 29. Rxf4 Bxf6 30. Rxf6 Qxe4 31. Raf1 Bc4 32. Rg1 Rbd8 33. c3 Rf8 34. Bf3 Qd3 35. Qh4 Kg7 36. Rxf8 1/2-1/2

[Event "Ricany op"]
[Site "Ricany"]
[Date "2016.08.31"]
[Round "6"]
[White "Hanl, Frantisek"]
[Black "Soural, Jan"]
[Result "1-0"]
[WhiteElo "2116"]
[BlackElo "2222"]
[PlyCount "33"]
[EventDate "2016.08.27"]
[EventType "swiss"]
[EventRounds "9"]
[EventCountry "CZE"]
[SourceTitle "CBM 174 Extra"]
[Source "ChessBase"]
[SourceDate "2016.10.10"]
[SourceVersion "1"]
[SourceVersionDate "2016.10.10"]
[SourceQuality "1"]

1. e4 c5 2. Nf3 e6 3. d4 cxd4 4. Nxd4 Nc6 5. Nc3 a6 6. Be3 Nf6 7. Be2 d6 8. 0-0 Be7 9. f4 0-0 10. Kh1 Bd7 11. Bd3 Nb4 12. e5 dxe5 13. fxe5 Nfd5 14. Nxd5 exd5 15. Bf5 Nc6 16. e6 Nxd4 17. Bxh7+ 1-0

[Event "CZE-chT2C 1516"]
[Site "Czech Republic"]
[Date "2016.03.13"]
[Round "9.5"]
[White "Salac, Jiri"]
[Black "Hanl, Frantisek"]
[Result "1-0"]
[WhiteElo "2098"]
[BlackElo "2059"]
[PlyCount "129"]
[EventDate "2015.10.18"]
[EventType "team-tourn"]
[EventRounds "11"]
[EventCountry "CZE"]
[SourceTitle "EXT 2022"]
[Source "ChessBase"]
[SourceDate "2021.10.06"]
[SourceVersion "1"]
[SourceVersionDate "2021.10.06"]
[SourceQuality "1"]
[WhiteTeam "Pankrac II"]
[BlackTeam "Ricany"]
[WhiteTeamCountry "CZE"]
[BlackTeamCountry "CZE"]

1. d4 c5 2. d5 Nf6 3. Nc3 g6 4. e4 d6 5. Be2 Bg7 6. Nf3 0-0 7. Nd2 e6 8. 0-0 exd5 9. exd5 Nbd7 10. Nc4 Nb6 11. Bf4 Nxc4 12. Bxc4 Nh5 13. Be3 Re8 14. Qd2 a6 15. a4 Qh4 16. Be2 Bg4 17. Bg5 Bxc3 18. bxc3 Rxe2 19. Qc1 Rxc2 20. Bxh4 Rxc1 21. Rfxc1 Nf4 22. Rcb1 Nxd5 23. Rxb7 Nxc3 24. f3 Be6 25. Be7 c4 26. Bxd6 Ne2+ 27. Kf2 Nd4 28. Rb8+ Rxb8 29. Bxb8 Kf8 30. Be5 Nb3 31. Rd1 Ke7 32. Rd6 Nc5 33. Ke3 f6 34. Rc6 Nxa4 35. Rxa6 fxe5 36. Rxa4 Kf6 37. Ra6 h5 38. h4 Kf7 39. Ke4 c3 40. Kd3 Bf5+ 41. Kxc3 e4 42. f4 Be6 43. Kd4 Bf5 44. Ra5 Ke6 45. Re5+ Kf6 46. Kc5 Kf7 47. Kd6 Kf6 48. Re7 Bc8 49. Rxe4 Bb7 50. Re6+ Kf5 51. g3 Bc8 52. Re5+ Kf6 53. Re8 Bg4 54. Rf8+ Kg7 55. Ke7 Bh3 56. Rf7+ Kh6 57. Kf6 Bf5 58. Rf8 Kh7 59. Kg5 Bd3 60. f5 Kg7 61. Rf6 gxf5 62. Rxf5 Be2 63. Rf6 Bg4 64. Rh6 Bd1 65. Rxh5 1-0

[Event "Prague Holiday M11"]
[Site "Prague"]
[Date "2015.07.22"]
[Round "6"]
[White "Hanl, Frantisek"]
[Black "Hentzgen, Thomas"]
[Result "1-0"]
[WhiteElo "2092"]
[BlackElo "2085"]
[PlyCount "129"]
[EventDate "2015.07.19"]
[EventType "tourn"]
[EventRounds "9"]
[EventCountry "CZE"]
[SourceTitle "EXT 2017"]
[Source "ChessBase"]
[SourceDate "2016.10.25"]
[SourceVersion "1"]
[SourceVersionDate "2016.10.25"]
[SourceQuality "1"]

1. e4 c5 2. Nf3 e6 3. d4 cxd4 4. Nxd4 Nc6 5. Nc3 Qc7 6. Be2 Nf6 7. 0-0 a6 8. Kh1 Be7 9. f4 d6 10. Be3 0-0 11. a4 b6 12. Nxc6 Qxc6 13. Bf3 e5 14. Nd5 Bd8 15. a5 bxa5 16. Rxa5 Kh8 17. Ra3 Rb8 18. Rc3 Qd7 19. fxe5 dxe5 20. Bc5 Re8 21. Rd3 Qc6 22. Ba3 Be6 23. Bd6 Qxd6 24. Nxf6 Qxd3 25. Qxd3 Bxf6 26. b3 Rbc8 27. Qe2 Be7 28. h3 a5 29. Bg4 Bxg4 30. Qxg4 f6 31. Rd1 Rxc2 32. Qe6 Rcc8 33. Rd7 Bf8 34. Qf7 Red8 35. Rb7 Rc5 36. h4 Rc3 37. h5 h6 38. Kh2 Rcd3 39. Qc7 Ra8 40. Rb8 Rxb8 41. Qxb8 Kg8 42. Qb5 Rd4 43. Qxa5 Kh7 44. Qa8 Bb4 45. Qc8 Bd2 46. Kg1 Bb4 47. Qe6 Bf8 48. Qf7 Bb4 49. Kf2 Bd2 50. Kf3 Bb4 51. Qg6+ Kg8 52. Kg4 Rd2 53. Kf5 Rd8 54. Qg4 Bf8 55. Kg6 Rd2 56. Qe6+ Kh8 57. Qf7 Rd8 58. g4 Rb8 59. Qd7 Ra8 60. Qf7 Rc8 61. b4 Rb8 62. b5 Ra8 63. b6 Rb8 64. b7 Rd8 65. Qc7 1-0

[Event "Prague Holiday M11"]
[Site "Prague"]
[Date "2015.07.21"]
[Round "4"]
[White "Hanl, Frantisek"]
[Black "Nilsson, Patrik"]
[Result "1/2-1/2"]
[WhiteElo "2092"]
[BlackElo "2126"]
[PlyCount "27"]
[EventDate "2015.07.19"]
[EventType "tourn"]
[EventRounds "9"]
[EventCountry "CZE"]
[SourceTitle "EXT 2017"]
[Source "ChessBase"]
[SourceDate "2016.10.25"]
[SourceVersion "1"]
[SourceVersionDate "2016.10.25"]
[SourceQuality "1"]

1. e4 e6 2. d4 d5 3. Nc3 Nf6 4. Bg5 Be7 5. e5 Nfd7 6. h4 c5 7. Nb5 f6 8. Bd3 a6 9. Qh5+ Kf8 10. Rh3 axb5 11. Bh6 gxh6 12. Qxh6+ Ke8 13. Qh5+ Kf8 14. Qh6+ 1/2-1/2

[Event "Prague Holiday M11"]
[Site "Prague"]
[Date "2015.07.21"]
[Round "5"]
[White "Novak, Jindrich"]
[Black "Hanl, Frantisek"]
[Result "0-1"]
[WhiteElo "2138"]
[BlackElo "2092"]
[PlyCount "33"]
[EventDate "2015.07.19"]
[EventType "tourn"]
[EventRounds "9"]
[EventCountry "CZE"]
[SourceTitle "EXT 2017"]
[Source "ChessBase"]
[SourceDate "2016.10.25"]
[SourceVersion "1"]
[SourceVersionDate "2016.10.25"]
[SourceQuality "1"]

1. e4 c5 2. Nf3 e6 3. c3 Nc6 4. d4 d5 5. exd5 Qxd5 6. dxc5 Qxd1+ 7. Kxd1 Bxc5 8. Ke2 Nf6 9. Be3 Bxe3 10. Kxe3 Ke7 11. Nbd2 b6 12. g3 Bb7 13. Bc4 Rad8 14. h3 Rd7 15. Nb3 Rhd8 16. Ke2 Ne4 17. Rhf1 0-1